The sociologically examined life : (Record no. 5364)
[ view plain ]
| 000 -LEADER | |
|---|---|
| fixed length control field | 00974cam a2200193 a 4500 |
| 020 ## - INTERNATIONAL STANDARD BOOK NUMBER | |
| ISBN | 0072825790 |
| 020 ## - INTERNATIONAL STANDARD BOOK NUMBER | |
| ISBN | 9780072825794 |
| 050 00 - CALL NUMBER | |
| Classification number | HM511 |
| Item number | .S34 |
| 100 1# - AUTHOR | |
| Personal name | Schwalbe, Michael, |
| 245 14 - TITLE | |
| Title | The sociologically examined life : |
| Remainder of title | pieces of the conversation / |
| Statement of responsibility, etc | Michael Schwalbe. |
| 250 ## - EDITION | |
| Edition statement | 3rd ed. |
| 260 ## - PUBLICATION INFORMATION | |
| Place of publication | Boston : |
| Name of publisher | McGraw-Hill, |
| Year of publication | c2005. |
| 300 ## - DESCRIPTION | |
| Number of Pages | xviii, 250 p. ; |
| Dimensions | 22 cm. |
| 500 ## - NOTES | |
| General note | Includes index. |
| 505 ## - FORMATTED CONTENTS NOTE | |
| Table of Content | 1. Making sense of the world differently --<br/>2. Inventing the social world --<br/>3. Seeing connections --<br/>4. Relationships, groups, and interdependence --<br/>5. Becoming human --<br/>6. Behaviour as a product of interaction --<br/>7. Seeing patterns --<br/>8. Contingency and cause --<br/>9. Images, representations, and accounts --<br/>10. Understanding power in social life --<br/>11. Differences and inequalities --<br/>12. Studying and changing the social world. |
| 650 #0 - SUBJECTS | |
| Topical Term | Sociology |
| General subdivision | Methodology. |
| 650 #0 - SUBJECTS | |
| Topical Term | Sociology |
| General subdivision | Philosophy. |
| 942 ## - ADDED ENTRY ELEMENTS (KOHA) | |
| Koha item type | Books |
| Withdrawn status | Lost status | Collection code | Home library | Current library | Shelving location | Date acquired | Full call number | Accession Number | Koha item type |
|---|---|---|---|---|---|---|---|---|---|
| Reference | Methodist University Library Main | Methodist University Library Main | General Stacks | HM511 .S34 | 37408 | Books |